Plánované zavedenie dane z finančných transakcií od roku 2014 v rozpore s právom EÚ

Daň z finančných transakcií na základe posilnenej spolupráce chcú zaviesť Belgicko, Estónsko, Francúzsko, Nemecko, Taliansko, Portugalsko, Rakúsko, Grécko, Slovensko, Slovinsko a Španielsko. Podľa návrhu Európskej komisie sa má na akcie a dlhopisy vzťahovať daň 0,1 percenta a na deriváty 0,01 percen...

Full description

Saved in:
Bibliographic Details
Main Author: Neupauerová, Zuzana
Format: Book Chapter
Language:Slovak
Subjects:
Tags: Add Tag
No Tags, Be the first to tag this record!

MARC

LEADER 00000nla a2200000 4500
001 0176739
005 20250228132341.5
041 0 |a slo 
044 |a SK 
245 1 0 |a Plánované zavedenie dane z finančných transakcií od roku 2014 v rozpore s právom EÚ  |c Zuzana Neupauerová 
520 |a Daň z finančných transakcií na základe posilnenej spolupráce chcú zaviesť Belgicko, Estónsko, Francúzsko, Nemecko, Taliansko, Portugalsko, Rakúsko, Grécko, Slovensko, Slovinsko a Španielsko. Podľa návrhu Európskej komisie sa má na akcie a dlhopisy vzťahovať daň 0,1 percenta a na deriváty 0,01 percenta. Očakáva sa, že pri uplatňovaní v 11 štátoch predstavujúcich dve tretiny HDP EÚ by mala priniesť príjmy vo výške 30 až 35 miliárd eur ročne. 
610 2 0 |a Európska únia 
610 2 0 |a inštitúcie finančné 
610 2 0 |a banky 
610 2 0 |a obchody bankové 
610 2 0 |a obchody burzové 
610 2 0 |a akcie 
610 2 0 |a dlhopisy 
610 2 0 |a dane 
610 2 0 |a dane transakčné 
100 1 |a Neupauerová, Zuzana